000 01226nam a22002297a 4500
005 20100726141654.0
010 _aHIN-89829
020 _a8181820479
_c995.00
020 _a9788181820479
_c995.00
035 _aHN-62175
037 _bDBAD/PUB
082 _a954
100 _aभण्डारी, सुखसम्पत्तिराय
_91497
245 _aभारत के देशी राज्य /
_cसुखसम्पत्तिराय भण्डारी
246 _aBharat ke deshi rajya
_bby Sukhsampattiray Bhandari
260 _aजयपुर
_bलिट्रेरी सर्किल
_c2009
270 _aसी-12-13, प्रथम तल, खण्डेलवाल गर्ल्स कॉलेज के सामने, संसार चन्द्र रोड
_bजयपुर
_e302001
_mliterarycirclejpr@yahoo.com
300 _a500पृ.
_bसचित्र
_c22सेमी (सजिल्द)
650 _aभारत
_xइतिहास
_923959
942 _2ddc
_cHN
_h954
_mभण्डारी
999 _c37734
_d37734